[Event "WCO2014"]
[Site "Tromso"]
[Date "2014.08.05"]
[Round "4.30"]
[WhiteID "5501733"]
[White "Bouzidi Ahmed"]
[BlackID "15900037"]
[Black "Pesqueira Jose"]
[Result "1-0"]
[LiveChessVersion "1.4.3"]
[BlackElo "1969"]
[WhiteElo "2231"]

1. e4 {[%clk 1:30:58]} c5 {[%clk 1:30:53]} 2. c3 {[%clk 1:31:22]} e6
{[%clk 1:31:02]} 3. Nf3 {[%clk 1:29:50]} d5 {[%clk 1:30:27]} 4. exd5
{[%clk 1:30:09]} exd5 {[%clk 1:30:49]} 5. d4 {[%clk 1:30:14]} Nc6
{[%clk 1:30:01]} 6. g3 {[%clk 1:28:36]} Bd6 {[%clk 1:27:31]} 7. Bg2
{[%clk 1:27:16]} Nge7 {[%clk 1:26:57]} 8. O-O {[%clk 1:26:57]} O-O
{[%clk 1:27:22]} 9. Re1 {[%clk 1:19:01]} f6 {[%clk 1:26:03]} 10. a4
{[%clk 1:15:26]} Kh8 {[%clk 1:22:35]} 11. Na3 {[%clk 1:15:10]} a6
{[%clk 1:22:49]} 12. Nc2 {[%clk 1:15:06]} b6 {[%clk 0:59:18]} 13. Ne3
{[%clk 1:10:07]} Be6 {[%clk 0:46:14]} 14. Nc4 {[%clk 1:07:15]} Bf7
{[%clk 0:44:59]} 15. Nxd6 {[%clk 1:04:14]} Qxd6 {[%clk 0:45:27]} 16. a5
{[%clk 0:58:00]} cxd4 {[%clk 0:33:25]} 17. axb6 {[%clk 0:49:50]} Ng6
{[%clk 0:15:53]} 18. Nxd4 {[%clk 0:45:52]} Nd8 {[%clk 0:11:11]} 19. Qb3
{[%clk 0:39:42]} Nb7 {[%clk 0:10:18]} 20. Be3 {[%clk 0:38:07]} Rfc8
{[%clk 0:05:32]} 21. Ra3 {[%clk 0:34:25]} Ne5 {[%clk 0:05:26]} 22. Rea1
{[%clk 0:30:24]} Qd7 {[%clk 0:02:16]} 23. Qa4 {[%clk 0:22:54]} Qxa4
{[%clk 0:00:43]} 24. Rxa4 {[%clk 0:22:26]} Nc5 {[%clk 0:01:11]} 25. R4a2
{[%clk 0:13:04]} Rcb8 {[%clk 0:01:24]} 26. Nc6 {[%clk 0:12:41]} 1-0

[Event "WCO2014"]
[Site "Tromso"]
[Date "2014.08.05"]
[Round "4.29"]
[WhiteID "1007220"]
[White "Croes Octavio"]
[BlackID "5500311"]
[Black "Bouaziz Mehdi"]
[Result "0-1"]
[LiveChessVersion "1.4.3"]
[BlackElo "2246"]
[WhiteElo "1892"]

1. d4 {[%clk 1:30:55]} Nf6 {[%clk 1:30:52]} 2. c4 {[%clk 1:31:21]} c5
{[%clk 1:31:17]} 3. Nf3 {[%clk 1:30:31]} cxd4 {[%clk 1:30:47]} 4. Nxd4
{[%clk 1:30:55]} Nc6 {[%clk 1:31:12]} 5. Nc3 {[%clk 1:31:03]} g6 {[%clk 1:30:27]}
6. g3 {[%clk 1:31:19]} d6 {[%clk 1:30:18]} 7. Bg2 {[%clk 1:31:42]} Bd7
{[%clk 1:29:26]} 8. O-O {[%clk 1:32:00]} Bg7 {[%clk 1:29:51]} 9. Bg5
{[%clk 1:28:25]} O-O {[%clk 1:23:47]} 10. e3 {[%clk 1:28:46]} Rc8
{[%clk 1:17:38]} 11. Nxc6 {[%clk 1:29:02]} bxc6 {[%clk 1:16:49]} 12. e4
{[%clk 1:25:43]} Ng4 {[%clk 1:12:25]} 13. Qe2 {[%clk 1:05:02]} Be6
{[%clk 0:57:39]} 14. Rac1 {[%clk 1:03:57]} h6 {[%clk 0:42:20]} 15. Bd2
{[%clk 1:03:57]} Qd7 {[%clk 0:41:53]} 16. b3 {[%clk 0:58:19]} Rcd8
{[%clk 0:31:51]} 17. h3 {[%clk 0:53:27]} Nf6 {[%clk 0:30:40]} 18. Kh2
{[%clk 0:53:43]} Ne8 {[%clk 0:25:05]} 19. Rfe1 {[%clk 0:48:53]} Nc7
{[%clk 0:23:27]} 20. Rcd1 {[%clk 0:47:34]} Na6 {[%clk 0:17:15]} 21. Na4
{[%clk 0:45:50]} Qc7 {[%clk 0:14:36]} 22. Bc1 {[%clk 0:42:12]} c5
{[%clk 0:12:02]} 23. Bb2 {[%clk 0:41:20]} Nb4 {[%clk 0:10:52]} 24. Bxg7
{[%clk 0:41:14]} Kxg7 {[%clk 0:11:21]} 25. Nc3 {[%clk 0:41:08]} Nc6
{[%clk 0:09:54]} 26. Nd5 {[%clk 0:38:13]} Qb8 {[%clk 0:09:01]} 27. Qe3
{[%clk 0:33:50]} Rde8 {[%clk 0:07:27]} 28. f4 {[%clk 0:29:45]} f6
{[%clk 0:06:35]} 29. g4 {[%clk 0:29:44]} Bxd5 {[%clk 0:05:46]} 30. cxd5
{[%clk 0:28:39]} Nd4 {[%clk 0:06:08]} 31. Rf1 {[%clk 0:23:50]} a5
{[%clk 0:04:27]} 32. g5 {[%clk 0:23:23]} hxg5 {[%clk 0:03:47]} 33. fxg5
{[%clk 0:23:44]} Rh8 {[%clk 0:03:06]} 34. Bf3 {[%clk 0:23:49]} Qc8
{[%clk 0:02:10]} 35. Bg2 {[%clk 0:23:00]} Qg4 {[%clk 0:02:07]} 36. gxf6+
{[%clk 0:20:36]} exf6 {[%clk 0:02:32]} 37. Qf4 {[%clk 0:19:54]} Qxf4+
{[%clk 0:01:43]} 38. Rxf4 {[%clk 0:20:21]} g5 {[%clk 0:01:46]} 39. Rg4
{[%clk 0:19:20]} Rh5 {[%clk 0:00:47]} 40. Rd3 {[%clk 0:17:54]} Rb8
{[%clk 0:01:01]} 41. Kg3 {[%clk 0:15:26]} Kf7 {[%clk 0:21:27]} 42. h4
{[%clk 0:45:29]} gxh4+ {[%clk 0:20:46]} 43. Rxh4 {[%clk 0:45:48]} Rxh4
{[%clk 0:11:29]} 44. Kxh4 {[%clk 0:46:11]} Rg8 {[%clk 0:11:37]} 45. Kh3
{[%clk 0:44:50]} Ne2 {[%clk 0:11:28]} 46. Kh2 {[%clk 0:43:28]} Rxg2+
{[%clk 0:11:50]} 0-1

[Event "WCO2014"]
[Site "Tromso"]
[Date "2014.08.05"]
[Round "4.5"]
[WhiteID "4800575"]
[White "Salih Akar Ali Salih"]
[BlackID "404136"]
[Black "Phillips Roy"]
[Result "1/2-1/2"]
[LiveChessVersion "1.4.3"]
[BlackElo "2272"]
[WhiteElo "2315"]

1. e4 {[%clk 1:30:56]} d6 {[%clk 1:30:58]} 2. d4 {[%clk 1:31:04]} Nf6
{[%clk 1:31:26]} 3. Nc3 {[%clk 1:31:13]} e5 {[%clk 1:31:50]} 4. dxe5
{[%clk 1:29:27]} dxe5 {[%clk 1:32:18]} 5. Qxd8+ {[%clk 1:29:49]} Kxd8
{[%clk 1:32:46]} 6. Bg5 {[%clk 1:29:59]} Be6 {[%clk 1:33:08]} 7. O-O-O+
{[%clk 1:27:45]} Nbd7 {[%clk 1:33:33]} 8. f4 {[%clk 1:27:54]} exf4
{[%clk 1:33:01]} 9. Nf3 {[%clk 1:27:02]} h6 {[%clk 1:25:21]} 10. Bxf4
{[%clk 1:27:17]} Bb4 {[%clk 1:15:17]} 11. Nd5 {[%clk 1:20:29]} Bxd5
{[%clk 1:01:35]} 12. exd5 {[%clk 1:20:43]} Bd6 {[%clk 1:02:03]} 13. Bxd6
{[%clk 1:05:21]} cxd6 {[%clk 1:02:31]} 14. Nd4 {[%clk 1:05:37]} g6
{[%clk 1:01:39]} 15. Bb5 {[%clk 1:05:22]} Ne5 {[%clk 0:53:56]} 16. h3
{[%clk 1:00:16]} a6 {[%clk 0:50:39]} 17. Ba4 {[%clk 0:59:19]} Rc8
{[%clk 0:39:41]} 18. Rhf1 {[%clk 0:57:24]} Ne4 {[%clk 0:28:41]} 19. c3
{[%clk 0:47:14]} Rc7 {[%clk 0:26:05]} 20. Bc2 {[%clk 0:45:46]} Nc5
{[%clk 0:26:25]} 21. Rf6 {[%clk 0:40:56]} Ke7 {[%clk 0:19:55]} 22. Rf2
{[%clk 0:41:12]} Rhc8 {[%clk 0:17:50]} 23. b3 {[%clk 0:28:53]} Kd8
{[%clk 0:16:19]} 24. Kb2 {[%clk 0:25:23]} Re7 {[%clk 0:15:39]} 25. c4
{[%clk 0:24:35]} Re8 {[%clk 0:12:38]} 26. Rfd2 {[%clk 0:23:46]} Ke7
{[%clk 0:12:22]} 27. Rc1 {[%clk 0:23:42]} Kf8 {[%clk 0:12:30]} 28. Bb1
{[%clk 0:16:46]} Kg7 {[%clk 0:12:20]} 29. Rc3 {[%clk 0:08:03]} Rc7
{[%clk 0:10:53]} 30. Rg3 {[%clk 0:07:58]} Kf8 {[%clk 0:09:58]} 31. Rf2
{[%clk 0:07:55]} Ke7 {[%clk 0:09:27]} 32. Re3 {[%clk 0:07:04]} Kd8
{[%clk 0:09:17]} 33. Rfe2 {[%clk 0:05:40]} Rce7 {[%clk 0:09:04]} 34. Kc3
{[%clk 0:05:39]} Rc7 {[%clk 0:09:11]} 35. Nf3 {[%clk 0:05:02]} Ncd7
{[%clk 0:08:08]} 1/2-1/2

[Event "WCO2014"]
[Site "Tromso"]
[Date "2014.08.05"]
[Round "4.6"]
[WhiteID "9700072"]
[White "Chinasamy Devarajen"]
[BlackID "4800249"]
[Black "Noah A .H. Al-Ali"]
[Result "0-1"]
[LiveChessVersion "1.4.3"]
[BlackElo "2326"]
[WhiteElo "2085"]

1. e4 {[%clk 1:30:57]} e5 {[%clk 1:30:13]} 2. Nf3 {[%clk 1:31:20]} Nf6
{[%clk 1:30:40]} 3. Nxe5 {[%clk 1:30:55]} d6 {[%clk 1:31:07]} 4. Nf3
{[%clk 1:30:55]} Nxe4 {[%clk 1:31:31]} 5. Nc3 {[%clk 1:31:12]} Nf6
{[%clk 1:31:42]} 6. d4 {[%clk 1:30:56]} Bg4 {[%clk 1:30:55]} 7. Be2
{[%clk 1:30:27]} Be7 {[%clk 1:30:58]} 8. O-O {[%clk 1:30:27]} O-O
{[%clk 1:30:57]} 9. h3 {[%clk 1:29:30]} Bh5 {[%clk 1:31:25]} 10. Bf4
{[%clk 1:29:23]} Nbd7 {[%clk 1:23:32]} 11. Qd2 {[%clk 1:27:01]} Re8
{[%clk 1:16:35]} 12. Rfe1 {[%clk 1:26:19]} c6 {[%clk 1:09:59]} 13. a4
{[%clk 1:24:12]} a5 {[%clk 1:04:07]} 14. Ng5 {[%clk 1:20:18]} d5 {[%clk 0:53:43]}
15. Qd1 {[%clk 1:10:55]} Bb4 {[%clk 0:35:33]} 16. Bxh5 {[%clk 0:54:53]} Rxe1+
{[%clk 0:35:45]} 17. Qxe1 {[%clk 0:55:18]} Nxh5 {[%clk 0:36:03]} 18. Be3
{[%clk 0:55:36]} Qc7 {[%clk 0:27:24]} 19. Qd1 {[%clk 0:45:22]} Nhf6
{[%clk 0:27:23]} 20. Ne2 {[%clk 0:44:13]} Bd6 {[%clk 0:26:13]} 21. Qd3
{[%clk 0:35:56]} Re8 {[%clk 0:24:55]} 22. Rc1 {[%clk 0:33:36]} h6
{[%clk 0:22:17]} 23. Nf3 {[%clk 0:33:56]} Ne4 {[%clk 0:22:44]} 24. b3
{[%clk 0:29:07]} Ndf6 {[%clk 0:14:39]} 25. c4 {[%clk 0:22:18]} Qb8
{[%clk 0:10:54]} 26. Nd2 {[%clk 0:18:48]} Ng5 {[%clk 0:04:24]} 27. Nf1
{[%clk 0:09:09]} Ne6 {[%clk 0:02:19]} 28. Nd2 {[%clk 0:07:11]} Nf4
{[%clk 0:02:16]} 29. Nxf4 {[%clk 0:06:24]} Bxf4 {[%clk 0:02:45]} 30. Nf1
{[%clk 0:04:57]} Bc7 {[%clk 0:02:10]} 31. Nd2 {[%clk 0:05:09]} Qd8
{[%clk 0:02:23]} 32. Nf3 {[%clk 0:05:15]} Ne4 {[%clk 0:02:39]} 33. Nd2
{[%clk 0:04:11]} Qd6 {[%clk 0:01:34]} 34. Nf3 {[%clk 0:03:37]} Qd7
{[%clk 0:01:06]} 35. Qc2 {[%clk 0:03:14]} g5 {[%clk 0:01:20]} 36. Qd3
{[%clk 0:03:06]} f5 {[%clk 0:01:21]} 37. cxd5 {[%clk 0:02:15]} Qxd5
{[%clk 0:01:42]} 38. Qc4 {[%clk 0:01:44]} Rd8 {[%clk 0:01:19]} 39. Rc2
{[%clk 0:01:08]} f4 {[%clk 0:01:05]} 40. Bc1 {[%clk 0:01:26]} h5 {[%clk 0:01:07]}
41. Kf1 {[%clk 0:00:37]} g4 {[%clk 0:00:56]} 42. hxg4 {[%clk 0:28:03]} hxg4
{[%clk 0:27:49]} 43. Nh2 {[%clk 0:27:53]} Nf6 {[%clk 0:14:56]} 44. Qd3
{[%clk 0:16:08]} Qh5 {[%clk 0:08:32]} 45. Ke1 {[%clk 0:08:11]} Kf7
{[%clk 0:08:09]} 46. Nf1 {[%clk 0:08:04]} Qd5 {[%clk 0:05:17]} 47. f3
{[%clk 0:08:03]} gxf3 {[%clk 0:04:12]} 48. gxf3 {[%clk 0:08:15]} Qxd4
{[%clk 0:04:23]} 49. Qc4+ {[%clk 0:06:08]} Qxc4 {[%clk 0:03:53]} 50. Rxc4
{[%clk 0:06:32]} Nd5 {[%clk 0:03:23]} 51. Bd2 {[%clk 0:06:14]} Rh8
{[%clk 0:02:21]} 52. Rc5 {[%clk 0:06:04]} Rh1 {[%clk 0:02:05]} 53. Ke2
{[%clk 0:05:46]} Rg1 {[%clk 0:02:34]} 54. Bxa5 {[%clk 0:04:48]} b6
{[%clk 0:02:05]} 55. Bxb6 {[%clk 0:04:03]} Bxb6 {[%clk 0:01:51]} 56. Rxc6
{[%clk 0:04:32]} Rg2+ {[%clk 0:01:55]} 57. Kd1 {[%clk 0:03:38]} Be3
{[%clk 0:01:20]} 58. Rc2 {[%clk 0:02:50]} Rg1 {[%clk 0:01:21]} 59. Ke1
{[%clk 0:03:07]} Ke6 {[%clk 0:01:33]} 60. Rc4 {[%clk 0:01:59]} Kd6
{[%clk 0:01:38]} 61. b4 {[%clk 0:02:06]} Ba7 {[%clk 0:01:24]} 62. Ke2
{[%clk 0:01:53]} Rxf1 {[%clk 0:01:35]} 63. b5 {[%clk 0:01:48]} Rf2+
{[%clk 0:01:52]} 64. Ke1 {[%clk 0:01:21]} Ra2 {[%clk 0:01:56]} 65. Rc6+
{[%clk 0:01:22]} Ke5 {[%clk 0:02:24]} 66. Ra6 {[%clk 0:01:34]} Bc5
{[%clk 0:02:26]} 0-1

[Event "WCO2014"]
[Site "Tromso"]
[Date "2014.08.05"]
[Round "4.7"]
[WhiteID "4803361"]
[White "Mohammed Zozek Salah Mohammed"]
[BlackID "9700110"]
[Black "Goorsahye Antoine"]
[Result "1-0"]
[LiveChessVersion "1.4.3"]
[BlackElo "1760"]
[WhiteElo "2226"]

1. Nf3 {[%clk 1:30:57]} Nf6 {[%clk 1:30:38]} 2. d4 {[%clk 1:31:21]} e6
{[%clk 1:30:45]} 3. c4 {[%clk 1:31:46]} c5 {[%clk 1:30:47]} 4. Nc3
{[%clk 1:32:01]} cxd4 5. Nxd4 {[%clk 1:32:11]} b6 {[%clk 1:30:37]} 6. e4
{[%clk 1:30:44]} Bb7 {[%clk 1:29:04]} 7. e5 {[%clk 1:25:54]} Ne4 {[%clk 1:25:58]}
8. Nxe4 {[%clk 1:16:34]} Bxe4 {[%clk 1:26:19]} 9. a3 {[%clk 1:14:27]} Nc6
{[%clk 1:16:25]} 10. Bf4 {[%clk 1:12:45]} Be7 {[%clk 1:13:40]} 11. Nb5
{[%clk 1:04:55]} O-O {[%clk 1:12:46]} 12. Nc3 {[%clk 0:52:43]} Bg6
{[%clk 1:11:43]} 13. Bd3 {[%clk 0:50:57]} Rc8 {[%clk 1:03:14]} 14. b3
{[%clk 0:25:48]} f6 {[%clk 0:54:16]} 15. Bxg6 {[%clk 0:22:30]} hxg6
{[%clk 0:53:14]} 16. O-O {[%clk 0:19:26]} fxe5 {[%clk 0:52:31]} 17. Bg3
{[%clk 0:19:41]} Bf6 {[%clk 0:49:00]} 18. Qg4 {[%clk 0:14:16]} Kf7
{[%clk 0:42:58]} 19. Rad1 {[%clk 0:08:51]} g5 {[%clk 0:40:09]} 20. Ne4
{[%clk 0:04:46]} d5 {[%clk 0:38:45]} 21. cxd5 {[%clk 0:05:05]} exd5
{[%clk 0:39:00]} 22. Qf5 {[%clk 0:04:38]} Kg8 {[%clk 0:34:48]} 23. Qe6+
{[%clk 0:05:01]} Kh7 {[%clk 0:33:50]} 24. Rxd5 {[%clk 0:05:04]} Qe7
{[%clk 0:32:57]} 25. Qh3+ {[%clk 0:05:09]} Kg6 {[%clk 0:32:39]} 26. Rd7
{[%clk 0:04:28]} Qxa3 {[%clk 0:31:00]} 27. Nd6 {[%clk 0:03:06]} Nd4
{[%clk 0:29:36]} 28. Nxc8 {[%clk 0:02:54]} Rxc8 {[%clk 0:29:59]} 29. Rxd4
{[%clk 0:03:02]} exd4 {[%clk 0:29:58]} 30. Qxc8 {[%clk 0:03:28]} Qxb3
{[%clk 0:29:56]} 31. Qe8+ {[%clk 0:03:48]} Kh7 {[%clk 0:29:56]} 32. Qh5+
{[%clk 0:04:16]} Kg8 {[%clk 0:30:11]} 33. Re1 {[%clk 0:04:44]} 1-0

[Event "WCO2014"]
[Site "Tromso"]
[Date "2014.08.05"]
[Round "4.8"]
[WhiteID "9700161"]
[White "Koster Jeroen Louis"]
[BlackID "4800168"]
[Black "Al-Khattab Ghassan M. Ali Ajmed"]
[Result "0-1"]
[LiveChessVersion "1.4.3"]
[BlackElo "2140"]
[WhiteElo "1846"]

1. e4 {[%clk 1:30:55]} Nf6 {[%clk 1:30:51]} 2. e5 {[%clk 1:31:17]} Nd5
{[%clk 1:31:19]} 3. d4 {[%clk 1:31:34]} d6 {[%clk 1:31:43]} 4. c4
{[%clk 1:31:56]} Nb6 {[%clk 1:32:11]} 5. exd6 {[%clk 1:32:18]} cxd6
{[%clk 1:32:25]} 6. Nc3 {[%clk 1:32:33]} g6 {[%clk 1:32:46]} 7. Be3
{[%clk 1:32:35]} Bg7 {[%clk 1:33:13]} 8. Rc1 {[%clk 1:32:49]} Nc6
{[%clk 1:33:31]} 9. Be2 {[%clk 1:29:36]} O-O {[%clk 1:33:52]} 10. d5
{[%clk 1:28:39]} Ne5 {[%clk 1:34:04]} 11. b3 {[%clk 1:29:02]} f5 {[%clk 1:32:35]}
12. f4 {[%clk 1:29:22]} Ned7 {[%clk 1:30:52]} 13. Bf3 {[%clk 1:24:45]} Nc5
{[%clk 1:30:48]} 14. Nge2 {[%clk 1:24:58]} a5 {[%clk 1:30:08]} 15. a4
{[%clk 1:17:44]} Nbd7 {[%clk 1:18:56]} 16. O-O {[%clk 1:17:31]} Nf6
{[%clk 1:19:05]} 17. Kh1 {[%clk 1:04:49]} Bd7 {[%clk 1:19:16]} 18. Nd4
{[%clk 0:58:47]} h5 {[%clk 1:16:09]} 19. Nce2 {[%clk 0:50:31]} Nfe4
{[%clk 1:13:31]} 20. Ng1 {[%clk 0:39:09]} Rc8 {[%clk 1:08:18]} 21. Nh3
{[%clk 0:36:02]} Bf6 {[%clk 1:08:27]} 22. Nf2 {[%clk 0:34:13]} Nxf2+
{[%clk 1:08:28]} 23. Bxf2 {[%clk 0:34:21]} Qe8 {[%clk 1:07:27]} 24. h3
{[%clk 0:30:52]} Qf7 {[%clk 1:07:43]} 25. Re1 {[%clk 0:29:06]} Qg7
{[%clk 1:06:59]} 26. Rc2 {[%clk 0:22:33]} Rfe8 {[%clk 1:06:53]} 27. Rce2
{[%clk 0:22:56]} Qh6 {[%clk 1:06:59]} 28. Ne6 {[%clk 0:06:09]} Bxe6
{[%clk 1:06:34]} 29. Bxc5 {[%clk 0:04:10]} Rxc5 {[%clk 1:05:07]} 30. Rxe6
{[%clk 0:04:36]} Kf7 {[%clk 1:02:59]} 31. Qd2 {[%clk 0:03:03]} b6
{[%clk 1:01:14]} 32. Qe3 {[%clk 0:03:11]} Qf8 {[%clk 1:00:45]} 33. Re2
{[%clk 0:03:05]} Rb8 {[%clk 1:00:17]} 34. g4 {[%clk 0:02:36]} hxg4
{[%clk 0:58:32]} 35. hxg4 {[%clk 0:02:45]} fxg4 {[%clk 0:58:44]} 36. Bxg4
{[%clk 0:02:25]} Qh6+ {[%clk 0:58:54]} 37. Rh2 {[%clk 0:01:38]} Qg7
{[%clk 0:59:22]} 38. Kg1 {[%clk 0:00:58]} Bd4 {[%clk 0:59:24]} 39. Rxe7+
{[%clk 0:00:49]} Kf8 {[%clk 0:59:52]} 40. Rxg7 {[%clk 0:00:52]} Bxe3+
{[%clk 1:00:19]} 41. Kg2 {[%clk 0:00:48]} Kxg7 {[%clk 1:00:46]} 42. Kf3
{[%clk 0:00:55]} Bd4 {[%clk 1:00:21]} 43. Re2 {[%clk 0:00:49]} Rc7
{[%clk 1:00:33]} 44. Re6 {[%clk 0:30:48]} Bc5 {[%clk 1:31:08]} 45. f5
{[%clk 0:26:30]} gxf5 {[%clk 1:31:07]} 46. Bxf5 {[%clk 0:17:52]} Rf8
{[%clk 1:31:13]} 47. Kg4 {[%clk 0:18:06]} Rf6 {[%clk 1:31:24]} 48. Re1
{[%clk 0:14:59]} Rcf7 {[%clk 1:30:34]} 49. Rf1 {[%clk 0:14:56]} Rg6+
{[%clk 1:29:58]} 50. Kf4 {[%clk 0:13:10]} Rxf5+ {[%clk 1:30:25]} 0-1

[Event "WCO2014"]
[Site "Tromso"]
[Date "2014.08.05"]
[Round "4.28"]
[WhiteID "15800059"]
[White "Banlock Benjamin Didier"]
[BlackID "1018000"]
[Black "Blijstra Wim"]
[Result "0-1"]
[LiveChessVersion "1.4.3"]
[BlackElo "2201"]
[WhiteElo "2054"]

1. d4 {[%clk 1:30:54]} Nf6 {[%clk 1:30:29]} 2. Nf3 {[%clk 1:31:13]} e6
{[%clk 1:29:58]} 3. Bf4 {[%clk 1:29:41]} b6 {[%clk 1:27:05]} 4. e3
{[%clk 1:28:26]} Bb7 {[%clk 1:26:53]} 5. Nbd2 {[%clk 1:28:20]} Be7
{[%clk 1:26:48]} 6. h3 {[%clk 1:28:30]} O-O {[%clk 1:25:36]} 7. Bd3
{[%clk 1:28:37]} d5 {[%clk 1:24:37]} 8. O-O {[%clk 1:27:00]} c5 {[%clk 1:24:44]}
9. c3 {[%clk 1:26:22]} Nc6 {[%clk 1:13:50]} 10. Ne5 {[%clk 1:18:05]} Nxe5
{[%clk 1:11:49]} 11. dxe5 {[%clk 1:18:08]} Nd7 {[%clk 1:09:59]} 12. Qg4
{[%clk 1:17:15]} Re8 {[%clk 1:08:07]} 13. Rad1 {[%clk 1:13:01]} f5
{[%clk 1:08:03]} 14. exf6 {[%clk 1:10:41]} Bxf6 {[%clk 1:08:16]} 15. Qh5
{[%clk 1:10:33]} g6 {[%clk 1:07:09]} 16. Qg4 {[%clk 1:09:35]} e5 {[%clk 1:00:47]}
17. Bb5 {[%clk 1:06:43]} Re7 {[%clk 0:43:52]} 18. Bg5 {[%clk 1:04:20]} Bxg5
{[%clk 0:43:16]} 19. Qxg5 {[%clk 1:03:39]} a6 {[%clk 0:42:58]} 20. Be2
{[%clk 1:02:01]} e4 {[%clk 0:42:26]} 21. f3 {[%clk 1:01:06]} exf3
{[%clk 0:41:54]} 22. Bxf3 {[%clk 1:01:01]} Re5 {[%clk 0:41:53]} 23. Qh6
{[%clk 1:00:49]} Qe7 {[%clk 0:41:57]} 24. Nc4 {[%clk 0:59:49]} Rf5
{[%clk 0:41:11]} 25. Be2 {[%clk 0:54:33]} dxc4 {[%clk 0:33:47]} 26. Rxf5
{[%clk 0:54:50]} gxf5 {[%clk 0:34:10]} 27. Bxc4+ {[%clk 0:55:13]} Kh8
{[%clk 0:34:19]} 28. Rxd7 {[%clk 0:55:34]} Qxd7 {[%clk 0:34:27]} 29. Qxb6
{[%clk 0:54:56]} Qc6 {[%clk 0:34:51]} 0-1

[Event "WCO2014"]
[Site "Tromso"]
[Date "2014.08.05"]
[Round "4.27"]
[WhiteID "7500122"]
[White "Maduro Sherman"]
[BlackID "16400216"]
[Black "Agbor Ebot John"]
[Result "0-1"]
[LiveChessVersion "1.4.3"]
[BlackElo "1931"]
[WhiteElo "1993"]

1. e4 {[%clk 1:30:57]} c5 {[%clk 1:30:34]} 2. Nf3 {[%clk 1:31:25]} d6
{[%clk 1:30:42]} 3. d4 {[%clk 1:31:54]} cxd4 {[%clk 1:30:56]} 4. Nxd4
{[%clk 1:32:22]} Nf6 {[%clk 1:31:07]} 5. Nc3 {[%clk 1:32:51]} a6 {[%clk 1:31:18]}
6. Be2 {[%clk 1:32:46]} e6 {[%clk 1:30:11]} 7. Be3 {[%clk 1:32:56]} Nc6
{[%clk 1:29:31]} 8. Qd2 {[%clk 1:31:01]} Qc7 {[%clk 1:28:49]} 9. f4
{[%clk 1:29:06]} Be7 {[%clk 1:27:36]} 10. O-O {[%clk 1:22:43]} O-O
{[%clk 1:27:18]} 11. a4 {[%clk 1:21:59]} e5 {[%clk 1:26:08]} 12. Nb3
{[%clk 1:18:54]} Be6 {[%clk 1:24:21]} 13. Nd5 {[%clk 1:14:29]} Bxd5
{[%clk 1:23:56]} 14. exd5 {[%clk 1:14:34]} exf4 {[%clk 1:22:02]} 15. Bxf4
{[%clk 1:12:18]} Ne5 {[%clk 1:22:24]} 16. Be3 {[%clk 1:04:10]} Rac8
{[%clk 1:20:58]} 17. c3 {[%clk 0:26:11]} Nc4 {[%clk 1:18:29]} 18. Bxc4
{[%clk 0:26:06]} Qxc4 {[%clk 1:18:45]} 19. Na5 {[%clk 0:25:57]} Qxd5
{[%clk 1:09:19]} 20. Qxd5 {[%clk 0:26:00]} Nxd5 {[%clk 1:09:24]} 21. Rfe1
{[%clk 0:23:10]} Nxe3 {[%clk 1:03:20]} 22. Rxe3 {[%clk 0:23:22]} Rc7
{[%clk 1:03:15]} 23. Rd3 {[%clk 0:20:08]} Rd8 {[%clk 1:01:58]} 24. Re1
{[%clk 0:18:58]} Kf8 {[%clk 1:02:01]} 25. Red1 {[%clk 0:18:49]} Ke8
{[%clk 0:56:58]} 26. Rd4 {[%clk 0:16:35]} h5 {[%clk 0:53:40]} 27. Nc4
{[%clk 0:14:25]} d5 {[%clk 0:53:00]} 28. Ne3 {[%clk 0:09:48]} Bc5
{[%clk 0:48:53]} 29. R4d3 {[%clk 0:09:41]} Re7 {[%clk 0:47:48]} 30. Kf2
{[%clk 0:09:46]} Rd6 {[%clk 0:45:42]} 31. Re1 {[%clk 0:07:41]} Rde6
{[%clk 0:43:56]} 32. b4 {[%clk 0:01:36]} Ba7 {[%clk 0:43:52]} 33. Kf3
{[%clk 0:01:26]} g5 {[%clk 0:42:24]} 34. h3 {[%clk 0:00:32]} g4+ {[%clk 0:41:22]}
35. hxg4 {[%clk 0:00:35]} hxg4+ {[%clk 0:41:42]} 36. Kf2 {[%clk 0:00:31]} f5
{[%clk 0:40:09]} 37. g3 {[%clk 0:00:48]} Re4 {[%clk 0:32:27]} 38. Re2
{[%clk 0:00:32]} f4 {[%clk 0:28:56]} 39. gxf4 {[%clk 0:00:47]} Rxf4+
{[%clk 0:27:36]} 40. Kg2 {[%clk 0:00:32]} Rfe4 {[%clk 0:27:40]} 41. Rxd5
{[%clk 0:00:32]} Rxe3 {[%clk 0:22:51]} 42. Red2 {[%clk 0:00:37]} Rxc3
{[%clk 0:20:05]} 43. Rd8+ {[%clk 0:24:03]} Kf7 {[%clk 0:50:04]} 44. b5
{[%clk 0:22:35]} Rc4 {[%clk 0:48:08]} 45. bxa6 {[%clk 0:18:27]} bxa6
{[%clk 0:46:53]} 46. a5 {[%clk 0:18:33]} Ra4 {[%clk 0:42:42]} 47. R2d5
{[%clk 0:15:48]} Re2+ {[%clk 0:36:57]} 48. Kf1 {[%clk 0:09:41]} Rf2+
{[%clk 0:34:48]} 49. Ke1 {[%clk 0:10:08]} Re4+ {[%clk 0:33:35]} 50. Kd1
{[%clk 0:10:28]} g3 {[%clk 0:32:34]} 51. Ra8 {[%clk 0:06:20]} Rd4+
{[%clk 0:30:56]} 52. Ke1 {[%clk 0:06:05]} Rxd5 {[%clk 0:29:23]} 53. Rxa7+
{[%clk 0:05:38]} Kf6 {[%clk 0:25:55]} 54. Rf7+ {[%clk 0:05:17]} Kg5
{[%clk 0:25:25]} 55. Rg7+ {[%clk 0:05:26]} Kf5 {[%clk 0:18:44]} 56. Rg5+
{[%clk 0:01:52]} Ke4 {[%clk 0:17:51]} 57. Rg4+ {[%clk 0:01:33]} 0-1

[Event "WCO2014"]
[Site "Tromso"]
[Date "2014.08.05"]
[Round "4.2"]
[WhiteID "21200041"]
[White "Kouevi Mawuvi Koue"]
[BlackID "6002072"]
[Black "Yang Robert Michael"]
[Result "0-1"]
[LiveChessVersion "1.4.3"]
[BlackElo "1945"]
[WhiteElo "1841"]

1. c4 {[%clk 1:30:53]} Nf6 {[%clk 1:30:37]} 2. Nc3 {[%clk 1:31:11]} c6
{[%clk 1:30:59]} 3. e4 {[%clk 1:30:02]} e5 {[%clk 1:31:10]} 4. Nf3
{[%clk 1:29:44]} Qc7 {[%clk 1:31:26]} 5. a3 {[%clk 1:27:06]} a5 {[%clk 1:31:06]}
6. Be2 {[%clk 1:25:45]} Bc5 {[%clk 1:31:02]} 7. O-O {[%clk 1:25:09]} O-O
{[%clk 1:31:21]} 8. d4 {[%clk 1:22:41]} exd4 {[%clk 1:31:09]} 9. Nxd4
{[%clk 1:22:39]} Re8 {[%clk 1:30:17]} 10. Bf3 {[%clk 1:20:11]} d6
{[%clk 1:29:49]} 11. Bf4 {[%clk 1:19:05]} Nbd7 {[%clk 1:29:03]} 12. Nb3
{[%clk 1:19:09]} Ne5 {[%clk 1:25:01]} 13. Nxc5 {[%clk 1:17:22]} dxc5
{[%clk 1:25:24]} 14. Bg3 {[%clk 1:14:00]} Qe7 {[%clk 1:24:59]} 15. Bxe5
{[%clk 1:12:35]} Qxe5 {[%clk 1:25:27]} 16. Qe2 {[%clk 1:08:39]} Rb8
{[%clk 1:21:12]} 17. Rfd1 {[%clk 1:07:15]} Be6 {[%clk 1:19:42]} 18. Rd2
{[%clk 1:05:49]} Red8 {[%clk 1:18:04]} 19. Rad1 {[%clk 1:04:51]} Rd4
{[%clk 1:17:49]} 20. b3 {[%clk 0:59:39]} b5 {[%clk 1:11:59]} 21. cxb5
{[%clk 0:57:31]} Bxb3 {[%clk 1:10:27]} 22. Rb1 {[%clk 0:56:55]} Bc4
{[%clk 1:10:20]} 23. Qe3 {[%clk 0:55:42]} cxb5 {[%clk 1:09:52]} 24. Be2
{[%clk 0:46:59]} Rxd2 {[%clk 1:09:04]} 25. Qxd2 {[%clk 0:47:00]} Bxe2
{[%clk 1:09:24]} 26. Nxe2 {[%clk 0:47:13]} Qxe4 {[%clk 1:03:24]} 27. Nc3
{[%clk 0:45:20]} Qe8 {[%clk 1:02:42]} 28. Qd6 {[%clk 0:43:36]} b4
{[%clk 0:57:57]} 29. a4 {[%clk 0:42:57]} Rd8 {[%clk 0:57:46]} 30. Qxc5
{[%clk 0:42:43]} bxc3 {[%clk 0:58:00]} 31. Qxc3 {[%clk 0:42:32]} Qxa4
{[%clk 0:57:14]} 32. h3 {[%clk 0:42:25]} Rd1+ {[%clk 0:57:35]} 33. Rxd1
{[%clk 0:42:36]} Qxd1+ {[%clk 0:58:03]} 34. Kh2 {[%clk 0:42:46]} Qd8
{[%clk 0:58:30]} 35. f3 {[%clk 0:42:00]} a4 {[%clk 0:57:48]} 36. Qa3
{[%clk 0:41:30]} Qb8+ {[%clk 0:57:53]} 37. Kh1 {[%clk 0:39:36]} Qb3
{[%clk 0:57:30]} 38. Qc5 Kh8 {[%clk 0:57:33]} 39. h4 {[%clk 0:37:10]} a3
{[%clk 0:57:32]} 40. h5 {[%clk 0:37:27]} a2 {[%clk 0:57:49]} 41. Qd4
{[%clk 0:36:41]} Qb1+ {[%clk 0:58:02]} 42. Kh2 {[%clk 0:36:47]} a1=Q
{[%clk 0:58:17]} 43. Qd8+ {[%clk 0:33:39]} Ng8 {[%clk 0:58:39]} 0-1